00630cam a22002291 4500001001300000003000400013005001700017008004100034010001700075035002000092040001800112042001200130050001700142100004000159245005900199260001100258300004300269500001400312504002700326650003000353999001700383sa 67003776 DLC20260227112341.0890710s1966 ii ab b 000 0 hino  asa 67003776  a(OCoLC)19989060 aDLCcWaUdDLC apremarc00aPK1939b.S850 aAmbāprasāda Sumana,d1916-1997.10aHindī aura usakī upabhāshāoṃ kā svarūpa. c[1966] a12, 340 p.billus., fold. map.c23 cm. aIn Hindi. aBibliographical notes. 0aHindi languagexDialects. c74059d74059